Biggest cities in Greece on a map - Statistics

General Stats
  • This quiz has been taken 2,792 times
  • The average score is 8 of 16
Answers on the Map
Answers color-coded by a green-red scale on the quiz's map according to % correct below.
 
Answer Stats
population Answer % Correct
3,168,846 Athens
100%
806,635 Thessaloniki
93%
157,452 Heraklion
78%
195,265 Patras
66%
144,651 Larissa
64%
88,525 Chanía
55%
85,803 Ioánnina
55%
130,094 Vólos
53%
57,812 Alexandroupoli
49%
59,625 Kalamáta
47%
58,287 Serres
36%
74,564 Chalcis
33%
61,653 Tríkala
33%
60,854 Kateríni
32%
61,349 Agrinio
26%
100,723 Acharnes
16%
No matching quizzes found
Score Distribution
Percent of People with Each Score
Percentile by Number Answered
Your Score History
You have not taken this quiz